[Event "ESTCC U50 2018"]
[Site "Walbrzych"]
[Date "2018.04.16"]
[Round "3"]
[White "Szydelko, Kazimierz"]
[Black "Green, Michael L"]
[Result "0-1"]
[WhiteElo "1689"]
[BlackElo "2069"]
[Annotator "NA RC"]
[PlyCount "162"]
[EventDate "2018.??.??"]
[EventCountry "POL"]
[SourceTitle "playchess.com"]
[Source "ChessBase"]
[SourceQuality "1"]
[WhiteTeam "Poland"]
[BlackTeam "Scotland"]
[WhiteTeamCountry "POL"]
[BlackTeamCountry "SCO"]
[TimeControl "40/5400+30:1800+30"]

1. d4 {[%emt 0:00:00]} Nf6 {[%emt 0:00:19]} 2. c4 {[%emt 0:00:00]} e6 {[%emt 0:00:48]} 3. Nf3 {[%emt 0:00:00]} d6 {[%emt 0:01:06]} 4. Nc3 {[%emt 0:00:09] E10: Blumenfeld Gambit} c6 {[%emt 0:01:31]} (4... Nbd7 5. g3 e5 6. Bg2 Be7 7. O-O O-O 8. b3 c6 9. e4 a6 10. Re1 b5 11. d5 cxd5 12. cxd5 {½-½ (64) Garcia Cuenca,V (2339)-Longa Yauca,J (2353) Madrid 2016}) 5. e4 {[%emt 0:00:17]} Be7 {[%emt 0:01:50]} 6. Be2 {[%emt 0:02:42]} Na6 {[%emt 0:02:37]} 7. O-O $146 {[%emt 0:00:22]} ({Predecessor:} 7. Be3 Qa5 8. O-O Ng4 9. Bd2 e5 10. Nd5 Qd8 11. Nxe7 Qxe7 12. Bg5 f6 13. Bc1 {0-1 (48) Friedland,E (1900)-Novotny,J (2074) Pardubice 2017}) 7... Nc7 {[%emt 0:01:31]} 8. Bg5 {[%emt 0:00:39]} Nd7 {[%emt 0:01:16]} 9. Bf4 a6 {[%emt 0:02:01]} 10. a4 {[%emt 0:02:48]} O-O {[%emt 0:02:17]} 11. Qc2 {[%emt 0:13:08]} f5 {[%emt 0:03:05]} 12. e5 {[%emt 0:03:51]} d5 {[%emt 0:01:07]} 13. Rac1 {[%emt 0:01:23]} dxc4 {[%emt 0:02:26]} 14. Bxc4 {[%emt 0:00:46]} Nd5 {[%emt 0:00:19]} 15. Bxd5 {[%emt 0:05:16]} cxd5 {[%emt 0:00:40]} 16. Bd2 {[%emt 0:08:24]} Nb6 {[%emt 0:03:12]} 17. b3 {[%emt 0:00:17]} Bd7 {[%emt 0:00:48]} 18. Ne2 {[%emt 0:01:00]} Rc8 {[%emt 0:01:57]} 19. Qb2 {[%emt 0:00:53]} Na8 {[%emt 0:02:30]} 20. Rxc8 {[%emt 0:10:09]} Qxc8 {[%emt 0:00:34]} 21. Rc1 {[%emt 0:00:53]} Qe8 {[%emt 0:02:24]} 22. Rc2 {[%emt 0:05:09]} b5 {[%emt 0:06:47]} 23. a5 {[%emt 0:01:42]} Qb8 {[%emt 0:02:00]} 24. b4 {[%emt 0:01:27]} Rc8 {[%emt 0:00:46]} 25. Bc3 {[%emt 0:02:05]} Rc4 {[%emt 0:02:49]} 26. Nd2 {[%emt 0:00:19]} Rc7 $14 {[%emt 0:00:12]} 27. f4 {[%emt 0:01:28]} Qc8 {[%emt 0:00:47]} 28. Nc1 {[%emt 0:01:13]} g5 {[%emt 0:01:26]} 29. g3 {[%emt 0:00:45]} Rc6 {[%emt 0:01:31]} 30. Nd3 {[%emt 0:00:28]} Nc7 {[%emt 0:02:08]} 31. Nc5 {[%emt 0:01:59]} Ne8 {[%emt 0:01:24]} 32. Ndb3 {[%emt 0:01:13]} Ng7 {[%emt 0:01:29]} 33. Qc1 {[%emt 0:05:02]} g4 {[%emt 0:02:50]} 34. h3 {[%emt 0:01:46]} h5 {[%emt 0:00:31]} 35. hxg4 {[%emt 0:00:17]} hxg4 {[%emt 0:00:04]} 36. Rh2 {[%emt 0:00:14]} Be8 {[%emt 0:00:30]} 37. Kg2 {[%emt 0:00:28]} Bg6 {[%emt 0:05:47]} 38. Qh1 {[%emt 0:01:40]} Kf7 {[%emt 0:00:23]} 39. Rh8 {[%emt 0:01:16]} Bf8 {[%emt 0:00:56]} 40. Nd2 {[%emt 0:00:00]} Qc7 {[%emt 0:06:08]} 41. Nf1 {[%emt 0:07:53]} Ke8 {[%emt 0:01:28]} 42. Ne3 {[%emt 0:03:17]} Qf7 {[%emt 0:00:39]} 43. Rh2 {[%emt 0:05:59]} Qc7 {[%emt 0:02:07]} 44. Kf2 {[%emt 0:00:49]} Qf7 {[%emt 0:02:27]} 45. Bd2 {[%emt 0:02:47]} Kd8 {[%emt 0:01:57]} 46. Ng2 {[%emt 0:03:25]} Bh5 {[%emt 0:02:24]} 47. Qf1 {[%emt 0:01:11]} Qa7 {[%emt 0:04:23]} 48. Ne3 {[%emt 0:01:17]} Ke8 {[%emt 0:01:37]} 49. Qd3 {[%emt 0:01:59]} Kf7 {[%emt 0:04:21]} 50. Rxh5 {[%emt 0:09:36]} Nxh5 {[%emt 0:01:06]} 51. Nxf5 {[%emt 0:00:03]} Ke8 {[%emt 0:02:22]} 52. Ne3 {[%emt 0:01:23]} Bxc5 {[%emt 0:09:41]} 53. dxc5 {[%emt 0:00:28]} Qg7 {[%emt 0:01:08]} 54. Qe2 {[%emt 0:00:46]} Qg6 {[%emt 0:01:59]} 55. Qxg4 {[%emt 0:01:24]} Qxg4 {[%emt 0:00:42]} 56. Nxg4 {[%emt 0:00:02]} Kf7 {[%emt 0:00:51]} 57. Kf3 {[%emt 0:00:13]} Rc8 {[%emt 0:00:24]} 58. Ne3 {[%emt 0:02:52]} Ng7 {[%emt 0:01:28]} 59. g4 {[%emt 0:01:47]} Rh8 {[%emt 0:01:36]} 60. f5 {[%emt 0:01:26]} d4 {[%emt 0:00:57]} 61. Nc2 {[%emt 0:00:41]} exf5 {[%emt 0:00:41]} 62. Nxd4 {[%emt 0:00:19]} Rh3+ {[%emt 0:02:25]} 63. Kf4 {[%emt 0:03:59]} fxg4 {[%emt 0:00:50]} 64. c6 {[%emt 0:03:13]} Ke8 {[%emt 0:01:25]} 65. Be3 {[%emt 0:01:20]} Kd8 {[%emt 0:01:31]} 66. Ke4 {[%emt 0:02:06]} g3 {[%emt 0:02:04]} 67. Kd5 {[%emt 0:04:39]} g2 {[%emt 0:01:40]} 68. Bg1 {[%emt 0:01:01]} Ne8 {[%emt 0:02:08]} 69. Kc5 {[%emt 0:03:25]} Rh5 {[%emt 0:02:10]} 70. Kb6 {[%emt 0:00:57]} Rxe5 {[%emt 0:01:32]} 71. Kxa6 {[%emt 0:00:13]} Nc7+ {[%emt 0:00:54]} 72. Kb7 {[%emt 0:00:29]} Re7 {[%emt 0:02:22]} 73. Kb6 {[%emt 0:00:49]} Re5 {[%emt 0:01:06]} 74. a6 {[%emt 0:00:28]} Kc8 {[%emt 0:00:19]} 75. a7 {[%emt 0:01:40]} Na8+ {[%emt 0:01:18]} 76. Ka5 {[%emt 0:00:21]} Nc7 {[%emt 0:01:27]} 77. Nf3 {[%emt 0:01:19]} Rf5 {[%emt 0:01:51]} 78. Nd4 {[%emt 0:00:53]} Rf1 {[%emt 0:00:52]} 79. Nxb5 {[%emt 0:00:45]} Rxg1 {[%emt 0:00:49]} 80. Nxc7 {[%emt 0:00:45]} Kxc7 {[%emt 0:00:38]} 81. b5 {[%emt 0:00:32]} Ra1+ 0-1

[Event "ESTCC U50 2018"]
[Site "Walbrzych"]
[Date "2018.04.16"]
[Round "3"]
[White "Telenius, Kimmo"]
[Black "Daleczko, Zbigniew"]
[Result "1-0"]
[WhiteElo "1603"]
[BlackElo "1835"]
[Annotator "NA RC"]
[PlyCount "129"]
[EventDate "2018.??.??"]
[EventCountry "POL"]
[SourceTitle "playchess.com"]
[Source "ChessBase"]
[SourceQuality "1"]
[WhiteTeam "Finland"]
[BlackTeam "Poland"]
[WhiteTeamCountry "FIN"]
[BlackTeamCountry "POL"]
[TimeControl "40/5400+30:1800+30"]

1. e4 c5 2. Nf3 Nc6 3. d4 cxd4 4. Nxd4 g6 5. c3 Bg7 6. g3 Qb6 7. Nxc6 bxc6 8. Na3 Ba6 9. Nc4 Bxc4 10. Bxc4 Nf6 11. Qe2 O-O 12. O-O d5 13. Be3 Qc7 14. exd5 cxd5 15. Bb3 e6 16. Rac1 Qb7 17. Rc2 Nd7 18. h4 h5 19. Rd2 Ne5 20. Bd4 Nc6 21. Bxg7 Kxg7 22. g4 hxg4 23. Qxg4 Rh8 24. f4 Na5 25. Bd1 Nc4 26. Re2 Qb6+ 27. Ref2 Ne3 28. Qh3 Nxf1 29. Kxf1 Qa6+ 30. Ke1 Qc4 31. b3 Qe4+ 32. Kf1 Rh6 33. Bc2 Rxh4 34. Qxh4 Qe3 35. Rh2 Qc1+ 36. Qe1 Qxf4+ 37. Rf2 Qd6 38. Qe3 Rh8 39. Qf3 f5 40. Bd1 e5 41. Rg2 e4 42. Qe3 Rh1+ 43. Rg1 Rh2 44. a4 f4 45. Qd4+ Qf6 46. Qxa7+ Kh6 47. Qd4 Qxd4 48. cxd4 f3 49. Bxf3 exf3 50. Rg3 Rd2 51. Rxf3 Rxd4 52. a5 g5 53. a6 Rd1+ 54. Kg2 Ra1 55. Rf6+ Kh5 56. b4 d4 57. b5 Kg4 58. Rf7 Ra2+ 59. Rf2 Ra5 60. Rb2 d3 61. b6 Rxa6 62. b7 d2 63. b8=Q d1=Q 64. Qc8+ Kh4 65. Qh3# {Kh5 Qc8} 1-0

[Event "ESTCC U50 2018"]
[Site "Walbrzych"]
[Date "2018.04.17"]
[Round "4"]
[White "Godena, Michele"]
[Black "Strutinskaia, Galina"]
[Result "1/2-1/2"]
[WhiteElo "2507"]
[BlackElo "2232"]
[Annotator "TA"]
[PlyCount "110"]
[EventDate "2018.??.??"]
[EventCountry "POL"]
[SourceTitle "playchess.com"]
[Source "ChessBase"]
[SourceQuality "1"]
[WhiteTeam "Italy"]
[BlackTeam "Russia"]
[WhiteTeamCountry "ITA"]
[BlackTeamCountry "RUS"]

{[%evp 20,110,29,19,43,37,57,38,29,29,55,51,46,46,70,67,64,39,48,41,28,31,30,28,51,14,62,45,83,39,36,23,22,26,46,11,11,11,11,11,14,8,8,0,8,8,12,0,80,68,74,51,51,51,64,0,27,32,56,25,31,16,27,21,23,20,32,0,23,0,0,0,8,24,49,0,0,0,0,0,0,0,0,0,0,0,0,0,0,0,0,0,0]} 1. e4 c5 2. Nf3 e6 3. c3 d5 4. exd5 Qxd5 5. Na3 Nf6 6. d4 Qd8 7. Nc2 Be7 8. Bd3 Nbd7 {B22: Sicilian: 2 c3} 9. Bf4 (9. O-O O-O 10. Bf4 b6 11. Qe2 Bb7 12. Rad1 Qc8 13. Rfe1 a6 14. Ne5 b5 15. c4 Nxe5 16. dxe5 bxc4 17. Bxc4 {0-1 (26) Salgado Lopez,I (2628)-Svidler,P (2739) Caleta 2015}) 9... b6 10. Qe2 Bb7 11. Rd1 {LiveBook: 3 Games} Qc8 12. dxc5 bxc5 $146 ({Predecessor:} 12... Qxc5 13. Ncd4 O-O 14. O-O a6 15. Rfe1 Rfe8 16. Nb3 {0-1 (72) Antonio,R (2365)-Nguyen,D (2499) Bacolod 2017}) 13. Na3 O-O 14. Nc4 Re8 15. O-O Bd5 16. Nfd2 Bf8 17. Rfe1 a5 18. a4 Bc6 19. Ne4 (19. Bc2 {with more complications.} Qb7 20. f3 Nd5 21. Bg3 N7b6 22. Nxb6 Nxb6 23. b3) 19... Nxe4 20. Bxe4 Bxe4 21. Qxe4 Ra7 22. Na3 Nf6 (22... Rb7 {is interesting.} 23. Nb5 Nb6 24. c4 Nxa4 25. Ra1 Nb6) 23. Qe2 Rd8 24. Rxd8 Qxd8 25. Bg5 Rd7 26. Nc4 Rd5 27. Bxf6 gxf6 28. g3 $36 {[%mdl 2048] White has the initiative.} f5 29. Qf3 Bg7 30. Ne3 Rd2 31. Rd1 Bh6 {[#] aiming for ...Bxe3.} 32. Rxd2 Qxd2 33. Nc4 Qd8 (33... Qc2 $11 {keeps the balance.}) 34. Qc6 Bf8 35. Kg2 Kg7 36. Ne5 Bd6 37. Nc4 (37. Nd7 $14 Qe7 38. Nb6) 37... Be7 38. Qb7 Kf6 39. Qf3 Kg7 40. Kf1 Qd7 41. b3 Qd8 42. Ke2 Bf6 43. Qd3 Qa8 44. f3 h5 {[%cal Bh7h5,Bh5h4][%mdl 32]} 45. Kd2 h4 46. Kc2 Bg5 47. Ne5 Bf6 {The position is equal.} 48. Nd7 hxg3 49. hxg3 Qc6 50. Nxf6 (50. Kb2 {keeps more tension.} c4 51. bxc4 Be7 52. c5 f6 53. Kb3) 50... Kxf6 $11 {KQ-KQ} 51. Qd8+ Kg7 52. Qg5+ Kf8 53. Qd8+ Kg7 54. Qg5+ Kf8 55. Qd8+ Kg7 {Precision: White = 39%, Black = 45%.} 1/2-1/2

[Event "ESTCC U50 2018"]
[Site "Walbrzych"]
[Date "2018.04.17"]
[Round "4"]
[White "Bellia, Fabrizio"]
[Black "Sirotkina, Nina"]
[Result "1-0"]
[WhiteElo "2443"]
[BlackElo "2175"]
[Annotator "TA"]
[PlyCount "99"]
[EventDate "2018.??.??"]
[EventCountry "POL"]
[SourceTitle "playchess.com"]
[Source "ChessBase"]
[SourceQuality "1"]
[WhiteTeam "Italy"]
[BlackTeam "Russia"]
[WhiteTeamCountry "ITA"]
[BlackTeamCountry "RUS"]

{[%evp 19,99,16,65,66,100,107,102,102,113,105,143,132,138,145,136,115,115,108,127,108,144,138,252,226,195,180,180,19,15,-25,0,0,119,0,103,103,108,25,88,76,97,3,183,183,200,150,147,162,141,145,195,158,322,183,331,308,293,294,448,447,399,333,454,96,387,380,2664,482,2580,2494,29990,29985,29985,29986,29981,1210,1074,772,779,748,670,318]} 1. e4 d6 2. d4 Nf6 3. Nc3 e5 4. Nf3 Nbd7 5. Bc4 Be7 6. O-O O-O 7. Re1 c6 8. a4 b6 9. Ba2 Bb7 {C41: Philidor Defence} (9... a6 10. Be3 Ng4 11. Bd2 Ngf6 12. dxe5 dxe5 13. Nh4 Bb4 14. Qf3 Nc5 15. Bg5 Ne6 16. Bxe6 fxe6 17. Qg3 Qc7 {1-0 (37) Shirov,A (2712)-Laznicka,V (2676) Poikovsky 2015}) 10. Nh4 g6 {LiveBook: 4 Games} 11. Nf3 Nh5 {White is slightly better.} 12. Bh6 Ng7 $146 ({Predecessor:} 12... Re8 13. Qd2 Bf8 14. Rad1 Qe7 15. Bxf8 Rxf8 16. dxe5 Nxe5 17. Nd4 {1-0 (76) Born,C (2237)-Mayorga,N (2300) Buenos Aires 2017}) 13. Qd2 exd4 14. Nxd4 Ne5 15. h3 $1 a6 16. f4 Nd7 17. Rad1 b5 18. Nf3 b4 19. Ne2 Qb6+ 20. Kh1 Nc5 (20... c5 $16 {was called for.}) 21. Qd4 {[%csl Gh6][%cal Rd4g7]} Nh5 22. Bxf8 Rxf8 23. b3 $2 ({White should try} 23. e5 $18) 23... a5 $11 24. g4 Ng7 25. f5 {[%cal Bf4f5,Bf5f6][%mdl 32]} Ne8 (25... d5 $1 $11 {keeps the balance.}) 26. g5 (26. Bb1 $16) 26... Bc8 (26... d5 $1 $11) 27. f6 $16 Bd8 28. Kg2 ({White should play} 28. Nf4 $16) 28... Qb7 (28... h6 $1 $11 {remains equal.}) 29. c3 Ne6 30. Qf2 (30. Qc4 $16) 30... h5 $2 (30... bxc3 $11 {and Black has nothing to worry.} 31. Qh4 (31. Nxc3 Nf4+ 32. Kh1 Nxh3 $11) 31... Bb6) 31. c4 $1 $18 Bb6 32. Qh4 Qa7 33. Bb1 Be3 34. Qg3 $1 Ba6 35. h4 Kh7 $2 (35... Bc8 $16 36. Rh1 Bc5) 36. Nh2 (36. e5 $142 d5 37. cxd5 cxd5 38. Bd3) 36... Bb7 (36... Bc8 {was worth a try.} 37. Nf3 Bb7) 37. Nf1 Bc5 38. Qf3 Nd4 (38... Bd4 {was necessary.} 39. Nxd4 Nxd4) 39. Nxd4 Bxd4 40. Ng3 Be5 {[#]} 41. Rf1 $2 (41. Nxh5 $1 $18 {and the rest is easy.} Rh8 (41... gxh5 42. Qxh5+) 42. Nf4) 41... Rh8 $2 {[%mdl 8192] [#]} (41... Nc7 $16) 42. Nxh5 $1 gxh5 $2 {[#]} (42... Bc8) 43. Qf5+ $1 Kg8 44. Qd7 Nxf6 45. gxf6 Qb8 46. Kh1 Rh7 47. c5 (47. Rf5 $142 Bxf6 48. Rxf6 Qc8 49. Rg1+ Kh8 50. Rxd6 Rg7 51. Qxc8+ Bxc8 52. Rd8+ Kh7 53. e5+ Bf5 54. Bxf5+ Rg6 55. Bxg6+ fxg6 56. e6) 47... Qc8 {White is clearly winning.} 48. Qxc8+ Bxc8 49. cxd6 {Threatening mate with d7.} Bd7 50. Rf5 {Precision: White = 53%, Black = 28%.} (50. Rg1+ $142 Kf8 51. Rg5 Bxf6 52. Rxa5) 1-0

[Event "ESTCC U50 2018"]
[Site "Walbrzych"]
[Date "2018.04.17"]
[Round "4"]
[White "Grabuzova, Tatiana"]
[Black "Garcia Palermo, Carlos"]
[Result "1-0"]
[WhiteElo "2311"]
[BlackElo "2404"]
[Annotator "NA"]
[PlyCount "77"]
[EventDate "2018.??.??"]
[EventCountry "POL"]
[SourceTitle "playchess.com"]
[Source "ChessBase"]
[SourceQuality "1"]
[WhiteTeam "Russia"]
[BlackTeam "Italy"]
[WhiteTeamCountry "RUS"]
[BlackTeamCountry "ITA"]
[TimeControl "40/5400+30:1800+30"]

1. d4 {[%emt 0:00:00]} Nf6 {[%emt 0:03:16]} 2. c4 {[%emt 0:00:00]} e6 {[%emt 0:00:39]} 3. g3 {[%emt 0:00:00]} c5 {[%emt 0:03:02]} 4. d5 {[%emt 0:00:02]} exd5 {[%emt 0:00:33]} 5. cxd5 {[%emt 0:00:08]} d6 {[%emt 0:00:14]} 6. Nc3 {[%emt 0:00:20]} g6 {[%emt 0:00:23]} 7. Bg2 {[%emt 0:00:16]} Bg7 {[%emt 0:00:27]} 8. Nf3 {[%emt 0:00:21]} O-O {[%emt 0:00:31]} 9. O-O {[%emt 0:00:06]} Re8 {[%emt 0:03:55]} 10. Re1 {[%emt 0:01:50]} a6 {[%emt 0:05:48]} 11. a4 {[%emt 0:00:20]} Nbd7 {[%emt 0:00:15]} 12. Bf4 {[%emt 0:12:06] LiveBook: 25 Games A63: Modern Benoni: Fianchetto Variation: 9...Nbd7} (12. h3 Rb8 13. Bf4 Qc7 14. a5 b5 15. axb6 Nxb6 16. Rc1 Ne4 17. Nxe4 Rxe4 18. b3 a5 19. Nd2 Rd4 20. e4 Ba6 21. Be3 Rb4 {0-1 (38) Xiong,J (2652)-Vachier Lagrave,M (2795) chess.com INT 2017}) 12... Nh5 {[%emt 0:05:04]} 13. Bg5 {[%emt 0:02:39]} Qc7 {[%emt 0:01:02]} 14. Qd2 {[%emt 0:03:38]} c4 $146 {[%emt 0:04:06]} ({Predecessor:} 14... Rb8 15. Rac1 Ne5 16. Nxe5 Bxe5 17. e4 Bg7 18. h3 b5 19. axb5 axb5 {1-0 (28) Nedilko,V (2383)-Simantsev,M (2486) Lutsk 2018}) 15. g4 {[%emt 0:20:57]} Nhf6 {[%emt 0:00:21]} 16. Qf4 {[%emt 0:00:29]} Rb8 {[%emt 0:11:40]} 17. Nd2 {[%emt 0:05:51]} (17. h3 $14) 17... b5 {[%emt 0:04:06]} 18. axb5 {[%emt 0:11:47]} axb5 {[%emt 0:03:09]} 19. Rac1 {[%emt 0:02:28]} h5 {[%emt 0:22:02]} 20. h3 {[%emt 0:14:02]} hxg4 {[%emt 0:00:22]} 21. hxg4 {[%emt 0:00:03] [#]} Nh7 $17 {[%emt 0:01:09]} 22. Nf3 {[%emt 0:09:16]} Nc5 {[%emt 0:09:31]} 23. Bh6 {[%emt 0:01:00]} b4 {[%emt 0:01:23]} 24. Bxg7 {[%emt 0:00:53]} Kxg7 {[%emt 0:00:05]} 25. Qxc4 {[%emt 0:01:07]} Qb6 {[%emt 0:04:33]} 26. Nd1 {[%emt 0:03:05]} Re4 {[%emt 0:00:39]} 27. Qc2 {[%emt 0:01:42]} Rxg4 {[%emt 0:05:37]} 28. Ne3 {[%emt 0:02:04]} Rf4 {[%emt 0:00:18]} 29. Nc4 {[%emt 0:00:27]} Qd8 {[%emt 0:00:09]} 30. Nxd6 {[%emt 0:02:20]} Qxd6 {[%emt 0:01:48]} 31. Qxc5 {[%emt 0:00:05]} Qf6 {[%emt 0:00:54]} 32. Qc7 {[%emt 0:02:16]} Ra8 {[%emt 0:00:43]} 33. Qc6 {[%emt 0:00:34]} Qxc6 {[%emt 0:00:27]} 34. dxc6 {[%emt 0:00:20]} Nf8 {[%emt 0:05:11]} 35. e3 {[%emt 0:00:50]} Rg4 {[%emt 0:01:17]} 36. Ne5 {[%emt 0:01:06]} Rh4 {[%emt 0:00:57]} 37. Red1 {[%emt 0:01:33]} Ne6 {[%emt 0:02:37]} 38. c7 {[%emt 0:01:35]} Ra7 {[%emt 0:00:17]} 39. Rd8 {[%emt 0:00:24]} 1-0

[Event "ESTCC U50 2018"]
[Site "Walbrzych"]
[Date "2018.04.17"]
[Round "4"]
[White "Deleyn, Gunter"]
[Black "Wagner-Michel, Annett"]
[Result "1/2-1/2"]
[WhiteElo "2200"]
[BlackElo "2104"]
[Annotator "NA"]
[PlyCount "92"]
[EventDate "2018.??.??"]
[EventCountry "POL"]
[SourceTitle "playchess.com"]
[Source "ChessBase"]
[SourceQuality "1"]
[WhiteTeam "Belgium"]
[BlackTeam "Germany"]
[WhiteTeamCountry "BEL"]
[BlackTeamCountry "GER"]
[TimeControl "40/5400+30:1800+30"]

1. g3 {[%emt 0:00:00]} e5 {[%emt 0:00:05]} 2. Bg2 {[%emt 0:00:00]} Nf6 {[%emt 0:00:06]} 3. d3 {[%emt 0:00:00]} d5 {[%emt 0:00:12]} 4. Nf3 {[%emt 0:00:47]} Bd6 {[%emt 0:01:05]} 5. O-O {[%emt 0:01:31]} O-O {[%emt 0:01:26]} 6. Nc3 {[%emt 0:02:37]} c6 {[%emt 0:01:31]} 7. e4 {[%emt 0:04:04] LiveBook: 106 Games} dxe4 {[%emt 0:09:16]} 8. Nxe4 {[%emt 0:01:13]} Nxe4 {[%emt 0:01:15]} 9. dxe4 {[%emt 0:00:06]} Qc7 {[%emt 0:01:47] A00: Irregular Openings} (9... Qe7 10. Nh4 g6 11. Qe2 Na6 12. Be3 Be6 13. Nf3 f6 14. Rfd1 Rfd8 15. c3 Nc7 16. b3 Bc5 17. h4 {½-½ (38) Jones,G (2575)-Howell,D (2611) Halifax 2010}) 10. Be3 $146 {[%emt 0:05:14]} ({Predecessor:} 10. Nd2 Be6 11. Re1 Na6 12. a4 Rfd8 13. Bf1 Nc5 14. a5 Be7 15. Qf3 Bg5 16. Qc3 Qe7 17. f4 exf4 {0-1 (47) Vujadinovic,G (2367)-Bodiroga,P (2410) Sombor 2009}) 10... Bg4 {[%emt 0:05:54]} 11. Qd3 {[%emt 0:06:47]} Be7 {[%emt 0:04:16]} 12. Qc3 {[%emt 0:00:37]} Nd7 {[%emt 0:09:36]} 13. h3 {[%emt 0:04:59]} Be6 {[%emt 0:01:21]} 14. Ng5 {[%emt 0:02:01]} Bxg5 {[%emt 0:03:42]} 15. Bxg5 {[%emt 0:00:05]} c5 {[%emt 0:12:24]} 16. Rfd1 {[%emt 0:02:45]} f6 {[%emt 0:02:22]} 17. Be3 {[%emt 0:00:07]} Rfd8 {[%emt 0:01:07]} 18. a4 {[%emt 0:04:47]} a5 {[%emt 0:07:01]} 19. f4 $14 {[%emt 0:12:29]} Rac8 {[%emt 0:05:04]} 20. Rd2 {[%emt 0:05:06]} exf4 {[%emt 0:07:09]} 21. gxf4 {[%emt 0:00:13]} b6 {[%emt 0:01:09]} 22. Rad1 {[%emt 0:02:25]} Nb8 {[%emt 0:03:07]} 23. e5 {[%emt 0:01:31]} Rxd2 {[%emt 0:01:21]} 24. Rxd2 {[%emt 0:00:22]} fxe5 {[%emt 0:00:10]} 25. fxe5 {[%emt 0:00:06]} Rd8 {[%emt 0:01:08]} 26. Bf4 {[%emt 0:01:50]} Rxd2 {[%emt 0:00:42]} 27. Qxd2 {[%emt 0:00:06]} Qd7 {[%emt 0:00:57]} 28. Qxd7 {[%emt 0:02:23]} Nxd7 {[%emt 0:00:10]} 29. Kf2 {[%emt 0:00:33]} Kf7 {[%emt 0:01:17]} 30. h4 {[%emt 0:03:11]} h6 {[%emt 0:00:23]} 31. Ke3 {[%emt 0:03:03]} g5 {[%emt 0:00:55]} 32. hxg5 {[%emt 0:01:00]} hxg5 {[%emt 0:00:01]} 33. Bxg5 {[%emt 0:04:54]} Nxe5 {[%emt 0:00:03]} 34. Ke4 {[%emt 0:00:18]} Nd7 {[%emt 0:02:22]} 35. Bd8 {[%emt 0:01:14]} Ke8 {[%emt 0:04:26]} 36. Bc7 {[%emt 0:01:57]} Ke7 {[%emt 0:00:30]} 37. Ke3 {[%emt 0:04:02]} Bf5 {[%emt 0:01:25]} 38. Kd2 {[%emt 0:05:11]} Ke6 {[%emt 0:08:40]} 39. Kc3 {[%emt 0:04:28]} Nf6 {[%emt 0:01:58]} 40. Bxb6 {[%emt 0:00:00]} Nd5+ {[%emt 0:00:09]} 41. Bxd5+ {[%emt 0:00:41]} Kxd5 {[%emt 0:00:10]} 42. Bxa5 {[%emt 0:00:06]} c4 {[%emt 0:02:23]} 43. Bb6 {[%emt 0:00:54]} Be6 {[%emt 0:01:30]} 44. Kb4 {[%emt 0:00:27]} Kc6 {[%emt 0:00:13]} 45. Bd8 {[%emt 0:00:25]} Kb7 {[%emt 0:00:25]} 46. Kc5 {[%emt 0:00:39]} Bf7 1/2-1/2

[Event "ESTCC U50 2018"]
[Site "Walbrzych"]
[Date "2018.04.17"]
[Round "4"]
[White "Fatalibekova, Elena"]
[Black "Bruno, Fabio"]
[Result "0-1"]
[WhiteElo "2195"]
[BlackElo "2439"]
[Annotator "TA"]
[PlyCount "52"]
[EventDate "2018.??.??"]
[EventCountry "POL"]
[SourceTitle "playchess.com"]
[Source "ChessBase"]
[SourceQuality "1"]
[WhiteTeam "Russia"]
[BlackTeam "Italy"]
[WhiteTeamCountry "RUS"]
[BlackTeamCountry "ITA"]

{[%evp 23,52,-16,-23,-50,-56,-56,-56,-65,-49,-64,-54,-135,-141,-204,-198,-356,-363,-370,-353,-393,-372,-623,-611,-661,-670,-615,-604,-788,-795,-29991,-29992]} 1. Nf3 e6 2. d4 d5 3. c4 c6 4. Qc2 Nf6 5. g3 dxc4 6. Qxc4 b5 7. Qc2 Bb7 8. Bg2 Nbd7 9. O-O c5 10. dxc5 Bxc5 11. Nc3 {D30: Queen's Gambit Declined: Systems without Nc3} Rc8 12. Qd3 a6 {LiveBook: 4 Games} 13. Ng5 {Black has an edge.} Bxg2 14. Kxg2 {[#]} O-O $146 {[%cal Bh8f8,Bf8d8,Bd8d2,Bd2e2][%mdl 32]} ({Predecessor:} 14... Qb6 15. Nf3 O-O 16. Bg5 h6 17. Bxf6 Nxf6 18. Ne4 Be7 {0-1 (62) Renaud,O (2115)-Marciano,D (2522) Etang Sale 2000}) 15. Nce4 h6 16. Nf3 Qb6 17. b3 (17. Nxc5 $15 Nxc5 18. Qb1) 17... Qb7 $17 18. Nxf6+ (18. Nxc5 $17 Rxc5 19. Be3) 18... Nxf6 $19 {[%cal Bd7f6,Bf6e4,Be4d2][%mdl 32]} 19. Bb2 $2 (19. b4 Bxb4 20. Bb2) 19... Rfd8 20. Qb1 {[#]} Ne4 $1 21. Kg1 Bb6 22. a4 $2 (22. Be5 Nd2 23. Nxd2 Rxd2 24. Qe1) 22... Nd2 23. Nxd2 Rxd2 24. axb5 axb5 25. Bc1 Rxe2 {[#] ( -> ...Qf3)} 26. Bf4 Qf3 0-1

[Event "ESTCC U50 2018"]
[Site "Walbrzych"]
[Date "2018.04.17"]
[Round "4"]
[White "Burchardt, Brigitte"]
[Black "Rooze, Jan"]
[Result "0-1"]
[WhiteElo "2166"]
[BlackElo "2307"]
[Annotator "NA"]
[PlyCount "84"]
[EventDate "2018.??.??"]
[EventCountry "POL"]
[SourceTitle "playchess.com"]
[Source "ChessBase"]
[SourceQuality "1"]
[WhiteTeam "Germany"]
[BlackTeam "Belgium"]
[WhiteTeamCountry "GER"]
[BlackTeamCountry "BEL"]
[TimeControl "40/5400+30:1800+30"]

1. e4 c5 2. Nf3 e6 3. Nc3 Nc6 4. g3 d6 5. Bg2 Bd7 6. O-O Be7 7. b3 Nf6 $11 8. Bb2 a6 9. d3 Rc8 10. Ne2 Qc7 11. Re1 O-O 12. Nf4 Ng4 13. c3 Qb6 14. Qe2 Nge5 15. Nd2 Qa7 16. Kh1 b5 17. Red1 b4 18. cxb4 Nxb4 19. Nc4 Nbc6 20. Nh3 Nd4 21. Bxd4 cxd4 22. f4 Nc6 23. Nf2 Rfe8 24. Qd2 Qb8 25. Rf1 Na7 26. Nd1 Bc6 27. Qf2 Qb7 28. Ndb2 d5 29. Na5 Qb5 30. Nxc6 Nxc6 31. f5 Bf6 32. fxe6 fxe6 33. exd5 exd5 34. Qf5 Rcd8 35. Rae1 Re3 36. Rxe3 dxe3 37. Nd1 Nd4 38. Qg4 e2 39. Rxf6 e1=Q+ 40. Rf1 Qe5 41. Nc3 Qxd3 42. Nxd5 Qxf1+ 0-1